№ 5; Кабель-NEWS

Detalles Bibliográficos
Parent link:Кабель-NEWS: Информационно-аналитическое издание. № 5.— , 2010-
Lenguaje:ruso
Publicado: 2012
Formato: Libro
KOHA link:https://koha.lib.tpu.ru/cgi-bin/koha/opac-detail.pl?biblionumber=490630

MARC

LEADER 00000nam2a2200000 4500
001 490630
005 20231101095753.0
035 |a (RuTPU)RU\TPU\prd\159559 
090 |a 490630 
100 |a 20121119a20099999k y0rusy50 ca 
101 0 |a rus 
102 |a RU 
200 0 |a № 5 
210 |d 2012 
461 1 |0 (RuTPU)RU\TPU\prd\77733  |t Кабель-NEWS  |o Информационно-аналитическое издание  |v № 5  |d 2010- 
801 0 |a RU  |b 63413507  |c 20010227  |g PSBO 
801 1 |a RU  |b 63413507  |c 20121119 
801 2 |a RU  |b 63413507  |c 20230504  |g RCR 
942 |c BK 
999 |a НТБ_ТПУ  |b НФ  |e -1/20120110  |p П-9460  |s 2/20120425  |u 0,00  |v 1